| Tag |
First Indicator |
Second Indicator |
Subfields |
| LEADER |
00000cam a2200000 4500 |
| 001 |
in00000023259 |
| 005 |
20151007064340.0 |
| 008 |
770914s1947 nyua 00010 eng a |
| 010 |
|
|
|a agr47000003
|
| 035 |
|
|
|a (OCoLC)03264732
|
| 035 |
|
|
|9 AAD9638AM
|
| 040 |
|
|
|a DLC
|c OCP
|d TXA
|d UtOrBLW
|
| 049 |
|
|
|a TXAM
|c [141581]
|
| 050 |
|
0 |
|a SF505
|b .I9
|
| 082 |
0 |
|
|a 636.597
|
| 092 |
|
|
|a 636.597
|b I95d
|
| 100 |
1 |
|
|a Ives, Paul Pomeroy,
|d 1877-
|
| 245 |
1 |
0 |
|a Domestic geese and ducks ;
|b a complete and authentic handbook and guide for breeders, growers and admirers of domestic geese and ducks /
|c by Paul Ives. Illustrated by Franklane L. Sewell and Arthur O. Schilling and others.
|
| 264 |
|
1 |
|a New York :
|b Orange Judd publishing company, inc.,
|c 1947.
|
| 300 |
|
|
|a xii, 372 pages including frontispiece, illustrations ;
|c 22 cm.
|
| 336 |
|
|
|a text
|b txt
|2 rdacontent
|
| 337 |
|
|
|a unmediated
|b n
|2 rdamedia
|
| 338 |
|
|
|a volume
|b nc
|2 rdacarrier
|
| 650 |
|
0 |
|a Ducks.
|
| 650 |
|
0 |
|a Geese.
|
| 999 |
|
|
|a MARS
|
| 999 |
f |
f |
|s 49c486f6-6895-3ccc-a39b-954558c9a3e6
|i 5a7c661b-6d72-3f5f-bb78-99407d0b6eaa
|t 0
|
| 952 |
f |
f |
|p ric
|a Texas A&M University
|b Rellis Campus
|c Joint Library Facility
|d Remote Storage
|t 0
|e SF505 .I9
|h Library of Congress classification
|i unmediated -- volume
|m A14801093273
|
| 998 |
f |
f |
|a SF505 .I9
|t 0
|l Remote Storage
|